000 00422nam a2200169Ia 4500
003 GCL
008 140319s9999 xx 000 0 eng d
040 _aGCL /
_cGCL
082 0 4 _a530.12
_bD G
100 1 _aDAVIES, PAUL
245 1 0 _aQUANTUM MECHANICS /
_cDAVIES, PAUL
700 1 _aBETTS, DAVID
260 _a[S.N] :
_bCHAPMAN AND HALL ،
_c1994
300 _a178 P
650 0 4 _aQUANTUM MECHANICS
942 _2ddc
_cBK
999 _c21195
_d21195